|
|
|
|
| LEADER |
00828nam a2200205 i 4500 |
| 001 |
c000370623 |
| 003 |
CARM |
| 005 |
00000000000000.0 |
| 008 |
851211s1936 fr 00000 eng d |
| 019 |
1 |
|
|a 4180777
|z 9409119
|5 LACONCORD2021
|
| 035 |
|
|
|a (OCoLC)1617663
|5 LACONCORD2021
|
| 100 |
1 |
|
|a Thibaudet, Albert,
|d 1874-1936.
|
| 245 |
1 |
0 |
|a Histoire de la litterature francaise de 1789 a nos jours.
|
| 260 |
|
|
|a Paris :
|b Stock,
|c [1936].
|
| 300 |
|
|
|a 587 p.
|
| 650 |
|
0 |
|a French literature
|y 19th century
|x History and criticism.
|
| 650 |
|
0 |
|a French literature
|y 20th century
|x History and criticism.
|
| 852 |
8 |
|
|b CARM
|h A1:AO07C0
|i A04468
|p 0400321
|f BK
|
| 999 |
f |
f |
|i 825a8ae0-9013-5c85-a2b3-fd0747abb71b
|s 67670de7-90fc-5c9a-903e-84243346d41e
|
| 952 |
f |
f |
|p Can circulate
|a CAVAL
|b CAVAL
|c CAVAL
|d CARM 1 Store
|e A04468
|f A1:AO07C0
|h Other scheme
|i book
|m 0400321
|